[Event "SLO-chT Central 1st League 16th"]
[Site "Slovenia"]
[Date "2015.09.17"]
[Round "2.1"]
[White "Novkovic, Stojan"]
[Black "Konvalinka, Kostja"]
[Result "1-0"]
[WhiteElo "2000"]
[BlackElo "1602"]
[PlyCount "91"]
[EventDate "2015.09.10"]
[EventType "team-tourn"]
[EventRounds "9"]
[EventCountry "SLO"]
[SourceTitle "EXT 2022"]
[Source "ChessBase"]
[SourceDate "2021.10.06"]
[SourceVersion "1"]
[SourceVersionDate "2021.10.06"]
[SourceQuality "1"]
[WhiteTeam "Podpec SD"]
[BlackTeam "Dom In Agencija Neprem"]
[WhiteTeamCountry "SLO"]
[BlackTeamCountry "SLO"]

1. e4 c5 2. Nf3 d6 3. c3 Nf6 4. h3 Nc6 5. d4 cxd4 6. Nxd4 Nxe4 7. Nxc6 bxc6 8. Qa4 Nc5 9. Qxc6+ Bd7 10. Qf3 Rc8 11. Nd2 e6 12. Be2 Be7 13. 0-0 0-0 14. Nb3 d5 15. Nxc5 Bxc5 16. Bd3 Bc6 17. Re1 Re8 18. Re5 Be7 19. Bxh7+ Kxh7 20. Qxf7 Bg5 21. Rxg5 Qxg5 22. Bxg5 Kh8 23. Re1 e5 24. Re3 Rf8 25. Qh5+ Kg8 26. Rxe5 Rce8 27. Bf6 Rf7 28. Rxe8+ Bxe8 29. Bd4 Bc6 30. Qg6 Bb5 31. h4 Re7 32. h5 Be8 33. Qg5 Kf7 34. Bxg7 Ke6 35. Qe5+ Kd7 36. Qxd5+ Kc8 37. h6 Bf7 38. Qa8+ Kd7 39. Qxa7+ Ke6 40. Qb6+ Kd7 41. h7 Re8 42. h8Q Rg8 43. Qhh6 Rc8 44. Qbd6+ Ke8 45. Qf8+ Kd7 46. Qhd6# 1-0

[Event "SLO-chT Central 1st League 15th"]
[Site "Slovenia"]
[Date "2014.10.02"]
[Round "4.1"]
[White "Novkovic, Stojan"]
[Black "Mihelic, Bojan"]
[Result "1-0"]
[WhiteElo "1987"]
[BlackElo "1794"]
[PlyCount "169"]
[EventDate "2014.09.11"]
[EventType "team-swiss"]
[EventRounds "9"]
[EventCountry "SLO"]
[SourceTitle "EXT 2022"]
[Source "ChessBase"]
[SourceDate "2021.10.06"]
[SourceVersion "1"]
[SourceVersionDate "2021.10.06"]
[SourceQuality "1"]
[WhiteTeam "Podpec"]
[BlackTeam "Dom In Agencija Neprem"]
[WhiteTeamCountry "SLO"]
[BlackTeamCountry "SLO"]

1. e4 e6 2. d4 d5 3. Nd2 Nf6 4. e5 Nfd7 5. Ngf3 c5 6. c3 Nc6 7. Nb3 c4 8. Nbd2 f6 9. exf6 Nxf6 10. Be2 Bd6 11. b3 cxb3 12. axb3 0-0 13. 0-0 Bf4 14. Bd3 e5 15. dxe5 Nxe5 16. Nxe5 Bxe5 17. Ra4 Bxc3 18. Nf3 Bg4 19. Bxh7+ Nxh7 20. Rxg4 Bf6 21. h3 Rc8 22. Nd4 Qd7 23. Qd3 Bxd4 24. Rxd4 Rcd8 25. Rh4 Qf5 26. Qb5 Rf7 27. Rf4 Qd7 28. Qd3 Rxf4 29. Bxf4 b6 30. Rd1 Qf7 31. Qg3 Nf6 32. f3 Nh5 33. Qg5 Rd7 34. Be5 Nf6 35. Bxf6 Qxf6 36. Rxd5 Qxg5 37. Rxg5 Rd1+ 38. Kh2 Rc1 39. b4 Rc4 40. b5 Kf7 41. g4 Kf6 42. h4 g6 43. Kg3 Rb4 44. Kf2 Rb2+ 45. Ke1 Rh2 46. Rd5 Ke6 47. Rd8 Rxh4 48. Rg8 Kf7 49. Ra8 Rh1+ 50. Kf2 Ra1 51. f4 Ra5 52. Kf3 Rxb5 53. Rxa7+ Kf8 54. Ke4 Rb4+ 55. Ke5 Kg8 56. Rb7 g5 57. fxg5 Rxg4 58. Kf6 Rf4+ 59. Kg6 Kf8 60. Rxb6 Rg4 61. Rb8+ Ke7 62. Rh8 Rg1 63. Rh5 Kf8 64. Rh8+ Ke7 65. Rh7+ Kf8 66. Rf7+ Kg8 67. Ra7 Kf8 68. Ra8+ Ke7 69. Kh6 Rh1+ 70. Kg7 Rg1 71. g6 Rg2 72. Ra3 Rg1 73. Re3+ Kd8 74. Kf7 Rf1+ 75. Kg8 Rg1 76. g7 Rg2 77. Re6 Kd7 78. Rf6 Ke7 79. Rf7+ Ke8 80. Rf8+ Ke7 81. Rf7+ Ke8 82. Rf6 Ke7 83. Rh6 Rg1 84. Kh8 Kf7 85. Rh7 1-0

[Event "Ljubljana-chT 67th"]
[Site "Gostovanja"]
[Date "2014.01.09"]
[Round "1.1"]
[White "Stevanic, David"]
[Black "Novkovic, Stojan"]
[Result "1-0"]
[WhiteElo "1658"]
[BlackElo "2020"]
[PlyCount "49"]
[EventDate "2014.01.09"]
[EventType "team-tourn"]
[EventRounds "9"]
[EventCountry "SLO"]
[SourceTitle "EXT 2015"]
[Source "ChessBase"]
[SourceDate "2014.11.20"]
[SourceVersion "1"]
[SourceVersionDate "2014.11.20"]
[SourceQuality "1"]
[WhiteTeam "Kocevje"]
[BlackTeam "Podpec"]
[WhiteTeamCountry "SLO"]
[BlackTeamCountry "SLO"]

1. e4 c5 2. c3 d5 3. exd5 Qxd5 4. d4 e6 5. Nf3 Nc6 6. Be2 Nf6 7. 0-0 b6 8. h3 Bb7 9. Be3 Rd8 10. Qa4 Nd7 11. Rd1 cxd4 12. cxd4 Nb4 13. Nc3 Qc6 14. Bb5 Qc7 15. Ne5 Bc8 16. a3 Nd5 17. Nxd5 exd5 18. Rac1 Qb7 19. Nc6 Be7 20. Nxd8 Kxd8 21. Bf4 a6 22. Bc6 Qa7 23. Bxd5 b5 24. Qa5+ Qb6 25. Bc7+ 1-0

[Event "SLO-chT1 West"]
[Site "Ljubljana"]
[Date "2013.09.27"]
[Round "1"]
[White "Plaskan, Jure"]
[Black "Novkovic, Stojan"]
[Result "1-0"]
[WhiteElo "2204"]
[BlackElo "2058"]
[PlyCount "121"]
[EventDate "2013.09.27"]
[EventType "team-tourn"]
[EventRounds "9"]
[EventCountry "SLO"]
[SourceTitle "EXT 2019"]
[Source "ChessBase"]
[SourceDate "2018.10.10"]
[SourceVersion "1"]
[SourceVersionDate "2018.10.10"]
[SourceQuality "1"]
[WhiteTeam "Domzale"]
[BlackTeam "Podpec SD"]
[WhiteTeamCountry "SLO"]
[BlackTeamCountry "SLO"]

1. e4 c5 2. Nf3 Nc6 3. d4 cxd4 4. Nxd4 Nf6 5. Nc3 d6 6. Bc4 g6 7. Nxc6 bxc6 8. e5 Ng4 9. e6 f5 10. Qd4 Nf6 11. Bg5 Bg7 12. 0-0-0 Qb6 13. Be3 Qxd4 14. Bxd4 d5 15. Bb3 Bxe6 16. Rhe1 Bd7 17. Re2 e6 18. Na4 Nh5 19. Nc5 Bxd4 20. Rxd4 Ke7 21. c4 Kd6 22. Nb7+ Kc7 23. Nc5 Rhe8 24. f4 Nf6 25. Ba4 Kb6 26. b4 a5 27. cxd5 exd5 28. Rc2 Rec8 29. bxa5+ Rxa5 30. Rb4+ Kc7 31. Rb7+ Kd6 32. Rxd7+ Nxd7 33. Nb7+ Kc7 34. Nxa5 Kb6 35. Nxc6 Nc5 36. Ne5 Rd8 37. Rb2+ Kc7 38. Bc2 d4 39. Kd2 Ne4+ 40. Kd3 Nc5+ 41. Kc4 Ne6 42. g3 Rd6 43. Rb5 Ra6 44. Bb3 Kd6 45. Kd3 Nc5+ 46. Kxd4 Nxb3+ 47. axb3 Ra2 48. Rd5+ Ke6 49. Nf3 Rb2 50. Ng5+ Ke7 51. Kc4 Rxh2 52. Rd3 h6 53. Nf3 Re2 54. b4 Kf6 55. b5 g5 56. b6 gxf4 57. gxf4 Re8 58. Ne5 h5 59. b7 Ke6 60. Kc5 h4 61. Nc6 1-0

[Event "Ljubljana op 1st"]
[Site "Ljubljana"]
[Date "2013.03.20"]
[Round "7"]
[White "Sindicic, Branko"]
[Black "Novkovic, Stojan"]
[Result "0-1"]
[WhiteElo "1916"]
[BlackElo "2088"]
[PlyCount "50"]
[EventDate "2013.01.09"]
[EventType "swiss"]
[EventRounds "9"]
[EventCountry "SLO"]
[SourceTitle "EXT 2023"]
[Source "ChessBase"]
[SourceDate "2022.10.05"]
[SourceVersion "1"]
[SourceVersionDate "2022.10.05"]
[SourceQuality "1"]

1. d4 Nf6 2. c4 c5 3. e3 e6 4. Nf3 b6 5. Nc3 Bb7 6. Bd3 d5 7. cxd5 Nxd5 8. 0-0 Nd7 9. a3 Bd6 10. Bd2 0-0 11. Ne4 Be7 12. Rc1 Rc8 13. Bb1 N7f6 14. Ng3 cxd4 15. exd4 Rxc1 16. Qxc1 Qd6 17. h3 Rc8 18. Qe1 Nf4 19. Bb4 Qd8 20. Bxe7 Qxe7 21. Qe5 Nxh3+ 22. gxh3 Bxf3 23. Kh2 Ng4+ 24. hxg4 Qh4+ 25. Kg1 Qh3 0-1

[Event "Ljubljana op 1st"]
[Site "Ljubljana"]
[Date "2013.03.13"]
[Round "8"]
[White "Novkovic, Stojan"]
[Black "Vidic, Teja"]
[Result "0-1"]
[WhiteElo "2088"]
[BlackElo "1840"]
[PlyCount "78"]
[EventDate "2013.01.09"]
[EventType "swiss"]
[EventRounds "9"]
[EventCountry "SLO"]
[SourceTitle "EXT 2023"]
[Source "ChessBase"]
[SourceDate "2022.10.05"]
[SourceVersion "1"]
[SourceVersionDate "2022.10.05"]
[SourceQuality "1"]

1. e4 e5 2. Nf3 Nc6 3. Bc4 Nf6 4. Ng5 d5 5. exd5 Na5 6. Bb5+ c6 7. dxc6 bxc6 8. Be2 h6 9. Nf3 e4 10. Ne5 Bc5 11. Ng4 Nxg4 12. Bxg4 Qh4 13. Qe2 Qxg4 14. f3 Qh4+ 15. g3 Qe7 16. fxe4 0-0 17. c3 Bb6 18. b4 Nb7 19. d4 Re8 20. Nd2 a5 21. b5 cxb5 22. Qxb5 Nd6 23. Qxb6 Nxe4 24. 0-0 Nxc3 25. Nf3 Bh3 26. Bd2 Bxf1 27. Rxf1 Qe2 28. Qb3 Ne4 29. Bf4 a4 30. Qb7 Rac8 31. Ne5 Nd6 32. Qd5 Rc2 33. g4 Rf8 34. Bg3 Ne4 35. Bf2 Nxf2 36. Qg2 Ne4 37. Qh3 Ng5 38. Qg3 Rfc8 39. h3 R8c3 0-1

[Event "Ljubljana op 1st"]
[Site "Ljubljana"]
[Date "2013.02.05"]
[Round "1"]
[White "Novkovic, Stojan"]
[Black "Hrescak, Ivana"]
[Result "1/2-1/2"]
[WhiteElo "2088"]
[BlackElo "1742"]
[PlyCount "97"]
[EventDate "2013.01.09"]
[EventType "swiss"]
[EventRounds "9"]
[EventCountry "SLO"]
[SourceTitle "EXT 2023"]
[Source "ChessBase"]
[SourceDate "2022.10.05"]
[SourceVersion "1"]
[SourceVersionDate "2022.10.05"]
[SourceQuality "1"]

1. e4 g6 2. d4 Bg7 3. Bc4 d6 4. Nf3 c5 5. c3 Nf6 6. Nbd2 0-0 7. 0-0 a6 8. a4 cxd4 9. cxd4 d5 10. exd5 Nxd5 11. Ne5 Nb6 12. Ndf3 Nxc4 13. Nxc4 Be6 14. Ne3 Bd5 15. Nxd5 Qxd5 16. Be3 Nc6 17. Qd2 Rfd8 18. Rfd1 Rd7 19. Qe1 Rad8 20. Rd2 Qa5 21. h3 Nxd4 22. Nxd4 Bxd4 23. Bxd4 Rxd4 24. Rxd4 Qxe1+ 25. Rxe1 Rxd4 26. Rxe7 Rb4 27. a5 Rxb2 28. g4 Rb5 29. Kg2 h5 30. Kg3 hxg4 31. hxg4 g5 32. Rc7 Kg7 33. Kf3 Rxa5 34. Rxb7 Ra1 35. Ke4 Ra4+ 36. Kf3 a5 37. Kg3 Ra3+ 38. Kg2 a4 39. Rb5 Kf6 40. Rf5+ Kg6 41. Ra5 Ra1 42. Ra6+ Kg7 43. Kf3 a3 44. Ke4 Ra2 45. f3 Re2+ 46. Kd3 Rf2 47. Ke3 Ra2 48. Ke4 Re2+ 49. Kd3 1/2-1/2

[Event "Ljubljana Autumn op"]
[Site "Ljubljana"]
[Date "2012.10.24"]
[Round "8"]
[White "Unuk, Jan"]
[Black "Novkovic, Stojan"]
[Result "0-1"]
[WhiteElo "1547"]
[BlackElo "2080"]
[PlyCount "106"]
[EventDate "2012.09.05"]
[EventType "swiss"]
[EventRounds "9"]
[EventCountry "SLO"]
[SourceTitle "EXT 2023"]
[Source "ChessBase"]
[SourceDate "2022.10.05"]
[SourceVersion "1"]
[SourceVersionDate "2022.10.05"]
[SourceQuality "1"]

1. d4 d5 2. c4 c6 3. Nf3 Nf6 4. Nc3 e6 5. Bg5 Bd6 6. e3 h6 7. Bh4 Nbd7 8. Bd3 0-0 9. 0-0 dxc4 10. Bxc4 e5 11. Bxf6 gxf6 12. h3 f5 13. e4 Qf6 14. d5 Nb6 15. Bb3 cxd5 16. Nxd5 Nxd5 17. Bxd5 f4 18. Kh2 Kh8 19. g3 Rg8 20. Nd2 Qg5 21. Qf3 fxg3+ 22. fxg3 Qxd2+ 23. Rf2 Qg5 24. Qf6+ Qxf6 25. Rxf6 Rg6 26. Rxf7 Be6 27. Bxe6 Rxe6 28. Rxb7 Re7 29. Rb3 Rb8 30. Rxb8+ Bxb8 31. Rd1 Bc7 32. Kg2 Rf7 33. g4 Rf4 34. Re1 Kg7 35. Re2 Kf6 36. Rf2 Kg5 37. Re2 Kh4 38. b4 Bb6 39. b5 Bd4 40. a3 Rf6 41. Rc2 a6 42. a4 Rb6 43. bxa6 Rxa6 44. Ra2 Be3 45. Ra3 Bf4 46. Kf1 Bg3 47. Kg2 Rc6 48. a5 Rc2+ 49. Kf3 Rf2+ 50. Ke3 Rf7 51. Rb3 Kxh3 52. Rb6 Bf2+ 53. Ke2 Bxb6 0-1

[Event "Ljubljana Autumn op"]
[Site "Ljubljana"]
[Date "2012.10.03"]
[Round "5"]
[White "Gombac, Jan"]
[Black "Novkovic, Stojan"]
[Result "1-0"]
[WhiteElo "2267"]
[BlackElo "2080"]
[PlyCount "103"]
[EventDate "2012.09.05"]
[EventType "swiss"]
[EventRounds "9"]
[EventCountry "SLO"]
[SourceTitle "EXT 2023"]
[Source "ChessBase"]
[SourceDate "2022.10.05"]
[SourceVersion "1"]
[SourceVersionDate "2022.10.05"]
[SourceQuality "1"]

1. d4 Nf6 2. c4 b6 3. Nc3 Bb7 4. d5 e6 5. a3 exd5 6. cxd5 Be7 7. e4 d6 8. Nf3 0-0 9. Bc4 Nbd7 10. 0-0 Ne5 11. Bb5 a6 12. Ba4 Nxf3+ 13. Qxf3 Nd7 14. Bf4 Bf6 15. Rac1 b5 16. Bb3 Re8 17. Rfe1 Bd4 18. Be3 Ne5 19. Qg3 Bxe3 20. Rxe3 Bc8 21. f4 Ng4 22. Re2 Nf6 23. e5 Nh5 24. Qf3 g6 25. e6 f5 26. Rec2 Bb7 27. Ne2 Rc8 28. Nd4 Qf6 29. Qf2 Re7 30. Nc6 Bxc6 31. Rxc6 a5 32. Rxd6 cxd6 33. Rxc8+ Kg7 34. Rc6 Rb7 35. Rxd6 Qe7 36. Rc6 a4 37. Qd4+ Kh6 38. Bd1 Qh4 39. Qf2 Qxf2+ 40. Kxf2 Nxf4 41. Bf3 b4 42. Ke3 bxa3 43. bxa3 Nxe6 44. Rxe6 Rb3+ 45. Kd4 Rxa3 46. d6 Ra2 47. Re2 Ra1 48. Rd2 Rb1 49. d7 Rb8 50. Ke5 Rd8 51. Kf6 a3 52. Bc6 1-0

[Event "SLO-chT Central Superliga 11th"]
[Site "Slovenia"]
[Date "2010.10.21"]
[Round "6.3"]
[White "Novkovic, Stojan"]
[Black "Hiti, Domen"]
[Result "1/2-1/2"]
[WhiteElo "2081"]
[BlackElo "1947"]
[PlyCount "56"]
[EventDate "2010.09.09"]
[EventType "team-tourn"]
[EventRounds "9"]
[EventCountry "SLO"]
[SourceTitle "EXT 2022"]
[Source "ChessBase"]
[SourceDate "2021.10.06"]
[SourceVersion "1"]
[SourceVersionDate "2021.10.06"]
[SourceQuality "1"]
[WhiteTeam "Podpec MKK"]
[BlackTeam "Ig"]
[WhiteTeamCountry "SLO"]
[BlackTeamCountry "SLO"]

1. e4 d5 2. exd5 Qxd5 3. Nf3 Nf6 4. Be2 c6 5. 0-0 Bg4 6. h3 Bh5 7. c4 Qd8 8. d4 e6 9. Nc3 Be7 10. Ne5 Bxe2 11. Nxe2 0-0 12. Qb3 Qb6 13. Qf3 Rd8 14. Be3 Na6 15. a3 c5 16. dxc5 Qxb2 17. Bd4 Rxd4 18. Rab1 Qd2 19. Qxb7 Qxe2 20. Rfe1 Qd2 21. Qxa8+ Rd8 22. Qxa7 Bxc5 23. Qxf7+ Kh8 24. Qxe6 Rf8 25. Nf7+ Kg8 26. Re2 Nc7 27. Nh6+ Kh8 28. Nf7+ Kg8 1/2-1/2

[Event "SLO-chT Central Superliga 10th"]
[Site "Slovenija"]
[Date "2009.09.17"]
[Round "1.2"]
[White "Muhic, Sulejman"]
[Black "Novkovic, Stojan"]
[Result "1/2-1/2"]
[WhiteElo "1963"]
[BlackElo "2089"]
[PlyCount "42"]
[EventDate "2009.09.17"]
[EventType "team-tourn"]
[EventRounds "9"]
[EventCountry "SLO"]
[SourceTitle "EXT 2022"]
[Source "ChessBase"]
[SourceDate "2021.10.06"]
[SourceVersion "1"]
[SourceVersionDate "2021.10.06"]
[SourceQuality "1"]
[WhiteTeam "Senozeti MKK"]
[BlackTeam "Podpec Prigo"]
[WhiteTeamCountry "SLO"]
[BlackTeamCountry "SLO"]

1. e4 e6 2. e5 d6 3. Nf3 dxe5 4. Nxe5 Nd7 5. d4 Nxe5 6. dxe5 Qxd1+ 7. Kxd1 Bc5 8. f4 Ne7 9. Nc3 Nf5 10. Bd3 Bd7 11. Be4 0-0-0 12. Bxf5 exf5 13. Ke2 Bc6 14. Be3 Bd4 15. Bxd4 Rxd4 16. Ke3 Rhd8 17. Rad1 Rxd1 18. Nxd1 Bxg2 19. Rg1 Bc6 20. h4 g6 21. Nc3 b5 1/2-1/2

[Event "Ljubljana-chT 62nd 1st League"]
[Site "Ljubljana"]
[Date "2009.01.22"]
[Round "3.3"]
[White "Novkovic, Stojan"]
[Black "Urbanc, Vinko"]
[Result "1/2-1/2"]
[WhiteElo "2089"]
[BlackElo "1919"]
[PlyCount "98"]
[EventDate "2009.01.08"]
[EventType "team-tourn"]
[EventRounds "9"]
[EventCountry "SLO"]
[SourceTitle "EXT 2022"]
[Source "ChessBase"]
[SourceDate "2021.10.06"]
[SourceVersion "1"]
[SourceVersionDate "2021.10.06"]
[SourceQuality "1"]
[WhiteTeam "Podpec Senozeti"]
[BlackTeam "Trzin Buscotrade"]
[WhiteTeamCountry "SLO"]
[BlackTeamCountry "SLO"]

1. e4 Nf6 2. Qf3 Nc6 3. c3 e5 4. a4 Be7 5. Bc4 0-0 6. Ne2 d6 7. h3 Be6 8. d3 Na5 9. Nd2 d5 10. exd5 Bxd5 11. Bxd5 Qxd5 12. Qxd5 Nxd5 13. d4 exd4 14. Nxd4 c5 15. N4b3 Rfe8 16. Nxa5 Bd8+ 17. Kd1 Bxa5 18. Nc4 Rad8 19. Kc2 Re2+ 20. Bd2 Bc7 21. Raf1 Nf6 22. Kc1 Re4 23. b3 b6 24. Be3 Bf4 25. Rd1 Bxe3+ 26. Nxe3 Rxd1+ 27. Rxd1 g6 28. Kc2 Re7 29. Rd6 Kg7 30. Rxf6 Kxf6 31. Nd5+ Ke6 32. Nxe7 Kxe7 33. Kd3 Kd6 34. Kc4 Kc6 35. b4 a6 36. bxc5 bxc5 37. f4 f5 38. Kd3 Kd5 39. c4+ Ke6 40. Ke3 Kf6 41. Kf3 h6 42. g4 h5 43. Kg3 Kg7 44. Kh4 Kh6 45. a5 Kg7 46. gxh5 Kh6 47. hxg6 Kxg6 48. Kg3 Kh5 49. h4 Kh6 1/2-1/2

[Event "SLO-chT"]
[Site "Bled"]
[Date "2005.11.12"]
[Round "7"]
[White "Novkovic, Stojan"]
[Black "Simoncic, Silvo"]
[Result "1/2-1/2"]
[WhiteElo "2115"]
[BlackElo "2174"]
[PlyCount "117"]
[EventDate "2005.11.03"]
[EventType "team"]
[EventRounds "9"]
[EventCountry "SLO"]
[SourceTitle "CBM 109 Extra"]
[Source "ChessBase"]
[SourceDate "2006.01.03"]
[SourceVersion "2"]
[SourceVersionDate "2006.01.03"]
[SourceQuality "1"]

1. e4 e5 2. Nf3 d6 3. d4 Nd7 4. c4 Ngf6 5. Nc3 g6 6. Be2 Bg7 7. 0-0 0-0 8. d5 Nh5 9. g3 h6 10. Ne1 Nhf6 11. Nd3 c6 12. Be3 Nb6 13. b3 Bh3 14. Re1 c5 15. Qc1 Qd7 16. f3 Qe7 17. Nf2 Bd7 18. Bd3 Nh7 19. Qd2 Ng5 20. Kg2 f5 21. f4 Nf7 22. exf5 gxf5 23. Bc2 Rae8 24. Nd3 e4 25. Nf2 Qf6 26. Bd1 Qg6 27. Qe2 Re7 28. Kh1 Bd4 29. Qh5 Qf6 30. Bxd4 cxd4 31. Ncxe4 fxe4 32. Nxe4 Qg7 33. Qh4 Nh8 34. Bh5 d3 35. Rad1 Bf5 36. Nxd6 Rxe1+ 37. Rxe1 d2 38. Rg1 Ng6 39. Nxf5 Rxf5 40. Qd8+ Rf8 41. Qd6 Rf6 42. Qb4 Rf5 43. Bf3 Qd4 44. Kg2 Nxd5 45. Bxd5+ Rxd5 46. Rd1 Qe4+ 47. Kf2 Rd3 48. Qc5 Rf3+ 49. Kg2 Rxg3+ 50. Kxg3 Qxf4+ 51. Kg2 Nh4+ 52. Kh3 Qf3+ 53. Kxh4 Qxd1 54. Qc8+ Kg7 55. Qxb7+ Kf6 56. Qc6+ Kf5 57. Qd5+ Kf4 58. Qd4+ Kf5 59. Qd5+ 1/2-1/2

[Event "SLO-chT"]
[Site "Bled"]
[Date "2005.11.11"]
[Round "6"]
[White "Mestek, Igor"]
[Black "Novkovic, Stojan"]
[Result "1-0"]
[WhiteElo "2148"]
[BlackElo "2115"]
[PlyCount "51"]
[EventDate "2005.11.03"]
[EventType "team"]
[EventRounds "9"]
[EventCountry "SLO"]
[SourceTitle "CBM 109 Extra"]
[Source "ChessBase"]
[SourceDate "2006.01.03"]
[SourceVersion "2"]
[SourceVersionDate "2006.01.03"]
[SourceQuality "1"]

1. e4 c5 2. Nc3 e6 3. g3 Nc6 4. Bg2 Nf6 5. Nge2 d5 6. exd5 exd5 7. 0-0 d4 8. Ne4 Nxe4 9. Bxe4 Bd6 10. d3 h5 11. Re1 Kf8 12. h4 Bg4 13. f3 Bd7 14. Nf4 Rh6 15. c3 Rb8 16. Qb3 dxc3 17. bxc3 Ne7 18. Bd2 f5 19. Bd5 Nxd5 20. Qxd5 Rf6 21. Re2 Qb6 22. Kg2 Bc7 23. Qxd7 Bxf4 24. Bxf4 Rd8 25. Qe7+ Kg8 26. Bc7 1-0

[Event "Ljubljana op 16th"]
[Site "Ljubljana"]
[Date "2005.07.11"]
[Round "4"]
[White "Kuziola, Mateusz"]
[Black "Novkovic, Stojan"]
[Result "1-0"]
[WhiteElo "2296"]
[BlackElo "2130"]
[PlyCount "97"]
[EventDate "2005.07.09"]
[EventType "swiss"]
[EventRounds "9"]
[EventCountry "SLO"]
[SourceTitle "CBM 107 Extra"]
[Source "ChessBase"]
[SourceDate "2005.09.01"]
[SourceVersion "1"]
[SourceVersionDate "2005.09.01"]
[SourceQuality "1"]

1. e4 c5 2. Nc3 Nc6 3. Bb5 a6 4. Bxc6 dxc6 5. f4 e5 6. fxe5 Qg5 7. Qf3 Qxe5 8. d3 Bd6 9. Nge2 f6 10. Bf4 Qe7 11. 0-0 Bxf4 12. Nxf4 Nh6 13. Qh5+ Nf7 14. Na4 b5 15. Qxc5 Qxc5+ 16. Nxc5 Ra7 17. a4 a5 18. axb5 cxb5 19. Ra2 Nd8 20. b4 Nc6 21. bxa5 b4 22. a6 Ke7 23. Rfa1 Kd6 24. Nb3 Ke5 25. g3 Bg4 26. Na5 Rc8 27. Rb2 Kd4 28. Nd5 Kc5 29. Nxc6 Rxc6 30. Nxb4 Rb6 31. c3 Bc8 32. Kf2 Kd6 33. Rba2 Be6 34. Ra5 Rb8 35. Ke3 Rb6 36. h4 Bc8 37. d4 h6 38. d5 Bd7 39. Kd4 Be8 40. Nd3 Bh5 41. c4 Kc7 42. Rc5+ Kb8 43. Rb5 Kc7 44. Rxb6 Kxb6 45. c5+ Kb5 46. Rb1+ Ka5 47. Kc4 Be8 48. Ra1+ Ba4 49. Nb2 1-0

[Event "SLO-chT West"]
[Site "Bled"]
[Date "2004.11.14"]
[Round "9"]
[White "Novkovic, Stojan"]
[Black "Vospernik, Andrej"]
[Result "1/2-1/2"]
[WhiteElo "2138"]
[BlackElo "2177"]
[PlyCount "111"]
[EventDate "2004.11.05"]
[EventType "team"]
[EventRounds "9"]
[EventCountry "SLO"]
[SourceTitle "EXT 2009"]
[Source "ChessBase"]
[SourceDate "2008.11.26"]
[SourceVersion "1"]
[SourceVersionDate "2008.11.26"]
[SourceQuality "1"]

1. e4 d5 2. exd5 Nf6 3. Bb5+ Bd7 4. Bxd7+ Qxd7 5. c4 c6 6. Qa4 cxd5 7. Qxd7+ Nbxd7 8. cxd5 Nxd5 9. Nf3 Nb4 10. Na3 Nd3+ 11. Ke2 Nf4+ 12. Kf1 a6 13. d4 Nd5 14. Nc4 Rc8 15. Ne3 N7f6 16. Ne1 e6 17. Ke2 Bd6 18. Nd3 Nf4+ 19. Nxf4 Bxf4 20. Nf5 exf5 21. Bxf4 Rc2+ 22. Kf3 Ne4 23. Be3 Rxb2 24. Rhb1 Rxb1 25. Rxb1 b5 26. a4 Nd6 27. axb5 Nxb5 28. Ra1 Nc7 29. Bf4 Ne6 30. Rxa6 Nxd4+ 31. Ke3 Ne6 32. Ra8+ Nd8 33. Bc7 Kd7 34. Rxd8+ Rxd8 35. Bxd8 Kxd8 36. Kf4 g6 37. Kg5 h5 38. Kf6 Ke8 39. Kg7 Ke7 40. f4 h4 41. h3 Ke6 42. Kh7 Ke7 43. Kg7 Ke6 44. Kg8 Kf6 45. Kf8 g5 46. fxg5+ Kxg5 47. Kxf7 f4 48. Ke6 f3 49. gxf3 Kf4 50. Kd5 Kg3 51. Ke5 Kxf3 52. Kd4 Kg3 53. Ke3 Kg2 54. Ke2 Kxh3 55. Kf3 Kh2 56. Kf2 1/2-1/2

[Event "Ljubljana op 11th"]
[Site "Ljubljana"]
[Date "2000.06.19"]
[Round "3"]
[White "Novkovic, Stojan"]
[Black "Kovacevic, Blazimir"]
[Result "0-1"]
[WhiteElo "2139"]
[BlackElo "2438"]
[PlyCount "110"]
[EventDate "2000.06.17"]
[EventType "swiss"]
[EventRounds "9"]
[EventCountry "SLO"]
[SourceTitle "CBM 076 Extra"]
[Source "ChessBase"]
[SourceDate "2000.07.11"]
[SourceVersion "1"]
[SourceVersionDate "2000.07.11"]
[SourceQuality "1"]

1. d4 d5 2. c4 e6 3. Nc3 c5 4. Nf3 Nc6 5. e3 Nf6 6. Be2 cxd4 7. exd4 Be7 8. 0-0 0-0 9. h3 dxc4 10. Bxc4 b6 11. a3 Bb7 12. Be3 Rc8 13. Bd3 Nd5 14. Rc1 Na5 15. Bd2 Nc4 16. Bb1 Nxd2 17. Qxd2 Nxc3 18. Rxc3 Rxc3 19. Qxc3 Bxf3 20. Qxf3 Qxd4 21. Qb7 Bd6 22. b4 a5 23. bxa5 Qe5 24. g3 Qxa5 25. Qe4 g6 26. a4 Bc5 27. Bd3 Rd8 28. Bb5 Qc3 29. Kg2 Rd2 30. h4 h5 31. Qf4 Rd5 32. Rc1 Qb2 33. Rxc5 bxc5 34. Qe3 Qd4 35. Qe2 Re5 36. Qf3 Qe4 37. a5 Qxf3+ 38. Kxf3 c4 39. Bxc4 Rxa5 40. Ke4 Kg7 41. Be2 f5+ 42. Ke3 Kf6 43. f3 Ra3+ 44. Kf2 e5 45. g4 hxg4 46. fxg4 Rh3 47. h5 gxh5 48. gxf5 Kxf5 49. Bf1 Ra3 50. Bc4 Kf4 51. Bf7 h4 52. Kg2 e4 53. Kg1 Kg3 54. Bc4 Ra1+ 55. Bf1 e3 0-1

[Event "Ljubljana op 7th"]
[Site "Ljubljana"]
[Date "1996.??.??"]
[Round "2"]
[White "Navinsek, Thomaz"]
[Black "Novkovic, Stojan"]
[Result "0-1"]
[WhiteElo "2280"]
[BlackElo "1990"]
[PlyCount "75"]
[EventDate "1996.06.??"]
[EventType "swiss"]
[EventRounds "9"]
[EventCountry "SLO"]
[SourceTitle "CBM 053 Extra"]
[Source "ChessBase"]
[SourceDate "1996.09.01"]
[SourceVersion "1"]
[SourceVersionDate "1996.09.01"]
[SourceQuality "1"]

1. d4 Nf6 2. Nc3 d5 3. Bg5 Bf5 4. f3 Nbd7 5. e4 dxe4 6. Bc4 h6 7. Bh4 c6 8. fxe4 Nxe4 9. Qf3 Qa5 10. Nge2 e6 11. 0-0-0 Ndf6 12. Nxe4 Bxe4 13. Qf2 Be7 14. Rhf1 Bd5 15. Bxd5 cxd5 16. Bxf6 Bxf6 17. Kb1 Qc7 18. Nf4 0-0 19. Nh5 Be7 20. Rd3 Qxh2 21. Nf4 Bd6 22. Qe2 Qh4 23. Rh3 Qg5 24. Nd3 g6 25. Rff3 h5 26. Ne5 Bxe5 27. dxe5 Rae8 28. Rf6 Re7 29. Rhf3 a6 30. a3 Rc8 31. b3 Rec7 32. c4 dxc4 33. b4 c3 34. Kc2 Qd2+ 35. Qxd2 cxd2+ 36. Kxd2 Rd8+ 37. Ke1 Rd5 38. Kf2 0-1

[Event "Ljubljana op 7th"]
[Site "Ljubljana"]
[Date "1996.??.??"]
[Round "4"]
[White "Novkovic, Stojan"]
[Black "Kovacic, Peter"]
[Result "0-1"]
[WhiteElo "1990"]
[BlackElo "2140"]
[PlyCount "120"]
[EventDate "1996.06.??"]
[EventType "swiss"]
[EventRounds "9"]
[EventCountry "SLO"]
[SourceTitle "CBM 053 Extra"]
[Source "ChessBase"]
[SourceDate "1996.09.01"]
[SourceVersion "1"]
[SourceVersionDate "1996.09.01"]
[SourceQuality "1"]

1. e4 e5 2. Nf3 Nc6 3. Bc4 Nf6 4. d3 Be7 5. 0-0 0-0 6. a3 d6 7. h3 a6 8. Bg5 Nd7 9. Be3 Bf6 10. Nc3 Ne7 11. Ng5 Bxg5 12. Bxg5 Kh8 13. Kh1 f6 14. Be3 c6 15. Qh5 b5 16. Bb3 Bb7 17. f4 Qe8 18. Qf3 f5 19. Qd1 Qg6 20. fxe5 dxe5 21. Qe2 c5 22. Nd5 Bxd5 23. Bxd5 Rac8 24. exf5 Nxf5 25. Bf2 Qd6 26. Be4 Nd4 27. Bxd4 exd4 28. Qh5 g6 29. Qd5 Qxd5 30. Bxd5 Rc7 31. Rxf8+ Nxf8 32. Re1 Rd7 33. Re8 Kg7 34. Bb3 Rc7 35. Rd8 c4 36. dxc4 bxc4 37. Ba4 Ne6 38. Rd6 Nc5 39. Bc6 d3 40. cxd3 Nxd3 41. b4 Nb2 42. Bd5 c3 43. Bb3 c2 44. Bxc2 Rxc2 45. Rxa6 Rc3 46. Ra7+ Kh6 47. h4 Rb3 48. Kh2 Nc4 49. g4 Rxa3 50. Rxa3 Nxa3 51. g5+ Kg7 52. Kg3 Kf7 53. Kg4 Ke6 54. h5 Ke5 55. hxg6 hxg6 56. Kf3 Kf5 57. Ke2 Kxg5 58. Kd3 Kf5 59. Kc3 g5 60. Kb3 g4 0-1